الصوص و البطة الصغيرة / (رقم التسجيلة. 103372)

تفاصيل مارك
000 -LEADER
fixed length control field 00783nam a22002417a 4500
005 - DATE AND TIME OF LATEST TRANSACTION
control field 20251108173421.0
008 - FIXED-LENGTH DATA ELEMENTS--GENERAL INFORMATION
fixed length control field 250721s2005 xx 000 0 ara d
020 ## - INTERNATIONAL STANDARD BOOK NUMBER
International Standard Book Number 9953631999
082 14 - DEWEY DECIMAL CLASSIFICATION NUMBER
Classification number ط/ق/لجن
100 1# - MAIN ENTRY--PERSONAL NAME
Personal name روجر، تري
245 10 - TITLE STATEMENT
Title الصوص و البطة الصغيرة /
264 1# - PRODUCTION, PUBLICATION, DISTRIBUTION, MANUFACTURE, AND COPYRIGHT NOTICE
Place of production, publication, distribution, manufacture بيروت :
Name of producer, publisher, distributor, manufacturer دار العلم للملايين،
Date of production, publication, distribution, manufacture, or copyright notice 2005.
300 ## - PHYSICAL DESCRIPTION
Extent 31ص.
490 0# - SERIES STATEMENT
Series statement نادي القراء : المستوى الاول
650 17 - SUBJECT ADDED ENTRY--TOPICAL TERM
Topical term or geographic name as entry element التعليم قبل المدرسة
650 17 - SUBJECT ADDED ENTRY--TOPICAL TERM
Topical term or geographic name as entry element مدارس الحضانة
650 17 - SUBJECT ADDED ENTRY--TOPICAL TERM
Topical term or geographic name as entry element القراءة
650 17 - SUBJECT ADDED ENTRY--TOPICAL TERM
Topical term or geographic name as entry element القصص القصيرة
653 ## - INDEX TERM--UNCONTROLLED
Uncontrolled term مرحلة ماقبل المدرسة (0-5سنة)
710 2# - ADDED ENTRY--CORPORATE NAME
Corporate name or jurisdiction name as entry element لجنة التأليف الربوي
942 ## - ADDED ENTRY ELEMENTS (KOHA)
Source of classification or shelving scheme Dewey Decimal Classification
Koha item type كتب
المقتنيات
حالة السحب حالة الفقدان مصدر التصنيف حالة التلف غير قابل للإعارة المكتبة الرئيسية المكتبة الحالية موقع الرف تاريخ التزويد الرقم المتسلسل Total Checkouts رقم الإستدعاء الباركود تاريخ آخر ظهور تاريخ الفاتورة نوع المادة (كوها)
    Dewey Decimal Classification     مكتبة أم المؤمنين للأطفال مكتبة أم المؤمنين للأطفال الأطفال 28/07/2025 1058362   ط/ق/لجن 1058362 28/07/2025 28/07/2025 كتب
    Dewey Decimal Classification     مكتبة الأميرة ايمان العامة مكتبة الأميرة ايمان العامة الأطفال 28/07/2025 1058354   ط/ق/لجن 1058354 28/07/2025 28/07/2025 كتب
    Dewey Decimal Classification     مكتبة الاميرة بديعة مكتبة الاميرة بديعة الأطفال 28/07/2025 1058357   ط/ق/لجن 1058357 28/07/2025 28/07/2025 كتب
    Dewey Decimal Classification     مكتبة الجويدة مكتبة الجويدة الأطفال 28/07/2025 1058358   ط/ق/لجن 1058358 28/07/2025 28/07/2025 كتب
    Dewey Decimal Classification     مكتبة الحسن العامة مكتبة الحسن العامة الأطفال 28/07/2025 1058359   ط/ق/لجن 1058359 28/07/2025 28/07/2025 كتب
    Dewey Decimal Classification     مكتبة حمزة العامة مكتبة حمزة العامة الأطفال 28/07/2025 1058360   ط/ق/لجن 1058360 28/07/2025 28/07/2025 كتب
Implemented & Customized by: BBB with SCIT (Smart Chains for Information Technology)

Powered by Koha